[Event "Oberliga Baden 2223"]
[Site "Germany"]
[Date "2022.10.23"]
[Round "3.8"]
[White "Hayen, Andre"]
[Black "Schmohel, Andreas"]
[Result "0-1"]
[WhiteElo "1648"]
[BlackElo "1924"]
[PlyCount "82"]
[EventDate "2022.09.18"]
[EventType "team-tourn"]
[EventRounds "9"]
[EventCountry "GER"]
[SourceTitle "EXT 2024"]
[Source "ChessBase"]
[SourceDate "2023.10.10"]
[SourceVersion "1"]
[SourceVersionDate "2023.10.10"]
[SourceQuality "1"]
[WhiteTeam "Untergrombach"]
[BlackTeam "Viernheim II"]
[WhiteTeamCountry "GER"]
[BlackTeamCountry "GER"]

1. e4 e5 2. Nf3 Nc6 3. d4 exd4 4. Nxd4 Nf6 5. Nxc6 bxc6 6. e5 Qe7 7. Qe2 Nd5 8. c4 Ba6 9. b3 0-0-0 10. Bb2 Qg5 11. a3 Nf4 12. Qf3 Ng6 13. Qg3 Qxg3 14. hxg3 Nxe5 15. Bxe5 Re8 16. f4 f6 17. Bd3 fxe5 18. Kd1 e4 19. Re1 d5 20. b4 Be7 21. Be2 Bf6 22. Ra2 Rd8 23. Rd2 Rhe8 24. b5 Bb7 25. bxc6 Bxc6 26. cxd5 Bxd5 27. Kc2 Rd6 28. Ba6+ Kb8 29. Re3 Rc6+ 30. Nc3 Bc4 31. Bxc4 Rxc4 32. Kb3 Bxc3 33. Rxc3 Rxc3+ 34. Kxc3 e3 35. Re2 Kb7 36. g4 c5 37. Kc4 Kc6 38. Kc3 Kd5 39. Kd3 c4+ 40. Kc3 Ke4 41. Kxc4 Rc8+ 0-1

[Event "Oberliga Baden 2122"]
[Site "Germany"]
[Date "2022.05.14"]
[Round "5.6"]
[White "Hierholz, Bernd"]
[Black "Schmohel, Andreas"]
[Result "1/2-1/2"]
[WhiteElo "2119"]
[BlackElo "1933"]
[PlyCount "98"]
[EventDate "2021.10.10"]
[EventType "team-tourn"]
[EventRounds "11"]
[EventCountry "GER"]
[SourceTitle "EXT 2023"]
[Source "ChessBase"]
[SourceDate "2022.10.05"]
[SourceVersion "1"]
[SourceVersionDate "2022.10.05"]
[SourceQuality "1"]
[WhiteTeam "Hockenheim"]
[BlackTeam "Viernheim II"]
[WhiteTeamCountry "GER"]
[BlackTeamCountry "GER"]

1. e4 e5 2. Nf3 Nc6 3. Nc3 Nf6 4. d4 exd4 5. Nxd4 Bb4 6. Nxc6 bxc6 7. Bd3 0-0 8. 0-0 Re8 9. Qf3 Rb8 10. Bg5 Be7 11. h3 Rxb2 12. Rad1 d6 13. Bc1 Rb8 14. e5 Nd7 15. Rfe1 d5 16. e6 fxe6 17. Rxe6 Nf8 18. Ree1 Bb4 19. Bd2 Be6 20. Ne2 Bxd2 21. Rxd2 Bf7 22. Red1 Ng6 23. Nd4 Ne5 24. Qg3 Qf6 25. Nb3 Bh5 26. Rc1 Qh6 27. f4 Nxd3 28. cxd3 Rf8 29. Rf2 Rb4 30. d4 Qf6 31. Qe3 Bg6 32. Qd2 Rbb8 33. Nc5 Qd6 34. Re1 Rbe8 35. Re5 Rxe5 36. fxe5 Qe7 37. Rf4 Rb8 38. Kh2 h6 39. Qa5 Rb2 40. a4 Qg5 41. Rg4 Qf5 42. Qxc7 h5 43. Qd8+ Kh7 44. Qh4 Qf1 45. Ne6 Rb1 46. Ng5+ Kg8 47. Nf3 hxg4 48. Qd8+ Kh7 49. Qh4+ Kg8 1/2-1/2

[Event "Oberliga Baden 1819"]
[Site "Baden"]
[Date "2018.12.16"]
[Round "4.8"]
[White "Toedter, Carsten"]
[Black "Schmohel, Andreas"]
[Result "1-0"]
[WhiteElo "1943"]
[BlackElo "1825"]
[PlyCount "75"]
[EventDate "2018.10.21"]
[EventType "team-tourn"]
[EventRounds "9"]
[EventCountry "GER"]
[SourceTitle "EXT 2020"]
[Source "ChessBase"]
[SourceDate "2019.10.17"]
[SourceVersion "1"]
[SourceVersionDate "2019.10.17"]
[SourceQuality "1"]
[WhiteTeam "Dreilaendereck"]
[BlackTeam "Viernheim II"]
[WhiteTeamCountry "GER"]
[BlackTeamCountry "GER"]

1. d4 Nf6 2. c4 e6 3. g3 Bb4+ 4. Bd2 Qe7 5. Bg2 Bxd2+ 6. Qxd2 d6 7. Nf3 0-0 8. Nc3 e5 9. 0-0 Nc6 10. h3 e4 11. Ng5 Bf5 12. d5 Ne5 13. Qf4 Bg6 14. b3 Nh5 15. Qe3 f5 16. Ne6 Rf7 17. Nb5 c5 18. Qg5 Nf6 19. Rfd1 a6 20. Na3 h6 21. Qd2 Nfd7 22. b4 b6 23. Rab1 Nf8 24. bxc5 bxc5 25. Rb6 Rf6 26. Nf4 Be8 27. h4 Ng4 28. Nc2 g5 29. hxg5 hxg5 30. Nh3 f4 31. gxf4 gxf4 32. Nxf4 Qh7 33. Nh3 Ba4 34. Rdb1 Bxc2 35. Qxc2 Rxf2 36. Qxe4 Rxg2+ 37. Qxg2 Qg7 38. Nf2 1-0

[Event "Bad Soden U18 op 5th"]
[Site "Bad Soden"]
[Date "2018.10.03"]
[Round "8.2"]
[White "Schmohel, Andreas"]
[Black "Sever, Mustafa Batuhan"]
[Result "1-0"]
[WhiteElo "1825"]
[BlackElo "2046"]
[PlyCount "103"]
[EventDate "2018.09.30"]
[EventType "swiss"]
[EventRounds "9"]
[EventCountry "GER"]
[SourceTitle "EXT 2020"]
[Source "ChessBase"]
[SourceDate "2019.10.17"]
[SourceVersion "1"]
[SourceVersionDate "2019.10.17"]
[SourceQuality "1"]

1. d4 f5 2. g3 g6 3. Bg2 Bg7 4. Nf3 Nf6 5. b3 0-0 6. Bb2 d6 7. 0-0 c6 8. c4 Qe8 9. Qc2 Nbd7 10. Nbd2 e5 11. dxe5 dxe5 12. e4 f4 13. c5 Qe7 14. Nc4 fxg3 15. hxg3 Ng4 16. Nd6 Nh6 17. Rad1 Rd8 18. Qc4+ Kf8 19. Ng5 Qxg5 20. f4 Qxg3 21. fxe5+ Bf6 22. Bc1 Nxe5 23. Bxh6+ Ke7 24. Qd4 Bh3 25. Qf2 Qxg2+ 26. Qxg2 Bxg2 27. Kxg2 Rd7 28. Kh3 Rad8 29. Rf2 Ke6 30. Rdf1 Be7 31. Bg7 Bxd6 32. Rf6+ Ke7 33. cxd6+ Rxd6 34. Rxd6 Rxd6 35. Bxe5 Rd2 36. Bf6+ Ke6 37. e5 Rxa2 38. Rd1 h5 39. Kh4 a5 40. Kg5 Rg2+ 41. Kh6 Rg3 42. Rd6+ Kf5 43. Bg7 h4 44. Rf6+ Ke4 45. e6 Kd5 46. e7 Re3 47. Bf8 h3 48. Rd6+ Kc5 49. Re6 Rxe6 50. e8Q+ Kd5 51. Qd7+ Ke5 52. Bg7+ 1-0

[Event "Bad Soden U18 op 5th"]
[Site "Bad Soden"]
[Date "2018.10.01"]
[Round "5.2"]
[White "Schmohel, Andreas"]
[Black "Deppe, Leo Max"]
[Result "0-1"]
[WhiteElo "1825"]
[BlackElo "1895"]
[PlyCount "76"]
[EventDate "2018.09.30"]
[EventType "swiss"]
[EventRounds "9"]
[EventCountry "GER"]
[SourceTitle "EXT 2020"]
[Source "ChessBase"]
[SourceDate "2019.10.17"]
[SourceVersion "1"]
[SourceVersionDate "2019.10.17"]
[SourceQuality "1"]

1. d4 Nf6 2. c4 e6 3. Nc3 Bb4 4. e3 0-0 5. Bd3 c5 6. Nf3 Nc6 7. 0-0 Bxc3 8. bxc3 d6 9. e4 e5 10. Qc2 Re8 11. Ba3 b6 12. Rae1 Bg4 13. dxe5 dxe5 14. Nh4 Nh5 15. g3 Nf4 16. Re3 Re6 17. Ng2 Nxg2 18. Kxg2 Rh6 19. h4 g5 20. f3 Be6 21. hxg5 Qxg5 22. g4 Qh4 23. Rg1 Qh2+ 24. Kf1 Qxc2 25. Bxc2 Bxc4+ 26. Kg2 Rd8 27. Bc1 Rhd6 28. a4 Rd2+ 29. Bxd2 Rxd2+ 30. Kg3 Rxc2 31. Rd1 Bb3 32. Rd7 Bxa4 33. Red3 Bb5 34. Rd1 Rxc3 35. Rh1 Be2 36. Kh4 Rxf3 37. Kg5 Kg7 38. Rh6 Rf4 0-1

[Event "GER-ch U18"]
[Site "Willingen"]
[Date "2018.05.25"]
[Round "8"]
[White "Schmohel, Andreas"]
[Black "Muckle, Julius"]
[Result "0-1"]
[WhiteElo "1782"]
[BlackElo "2344"]
[PlyCount "72"]
[EventDate "2018.05.19"]
[EventType "swiss"]
[EventRounds "9"]
[EventCountry "GER"]
[SourceTitle "CBM 184 Extra"]
[Source "ChessBase"]
[SourceDate "2018.06.28"]
[SourceVersion "1"]
[SourceVersionDate "2018.06.28"]
[SourceQuality "1"]

1. e4 e6 2. d4 d5 3. exd5 exd5 4. Nf3 Nf6 5. Bd3 Bg4 6. 0-0 Be7 7. h3 Bh5 8. Bf4 0-0 9. Nbd2 c5 10. dxc5 Bxc5 11. c3 Nc6 12. Qc2 Rc8 13. Bf5 Bg6 14. Bxg6 hxg6 15. Qd3 Nh5 16. Bg5 Ne5 17. Qe2 Nxf3+ 18. Nxf3 f6 19. Be3 Re8 20. Nd4 Bxd4 21. cxd4 f5 22. Qd2 Re4 23. Qd3 Qb6 24. g3 Rce8 25. Kg2 f4 26. gxf4 Nxf4+ 27. Bxf4 Rxf4 28. Rfe1 Ref8 29. Re2 Qf6 30. Qe3 Re4 31. Qd3 Rxd4 32. Qg3 Rf4 33. Rc1 Rf3 34. Qg4 Rxf2+ 35. Kg1 Rxe2 36. Qxe2 Qg5+ 0-1

[Event "GER-ch U18"]
[Site "Willingen"]
[Date "2018.05.20"]
[Round "2"]
[White "Schmohel, Andreas"]
[Black "Maetzkow, Maximilian Paul"]
[Result "1/2-1/2"]
[WhiteElo "1782"]
[BlackElo "2171"]
[PlyCount "117"]
[EventDate "2018.05.19"]
[EventType "swiss"]
[EventRounds "9"]
[EventCountry "GER"]
[SourceTitle "CBM 184 Extra"]
[Source "ChessBase"]
[SourceDate "2018.06.28"]
[SourceVersion "1"]
[SourceVersionDate "2018.06.28"]
[SourceQuality "1"]

1. d4 Nf6 2. c4 e6 3. Nc3 Bb4 4. e3 0-0 5. Bd3 d5 6. Nf3 c5 7. 0-0 cxd4 8. exd4 dxc4 9. Bxc4 Nbd7 10. Bg5 h6 11. Bh4 Nb6 12. Bd3 Nbd5 13. Nxd5 Qxd5 14. Bxf6 gxf6 15. Qe2 Bd6 16. Qe3 Kg7 17. Rfd1 Bd7 18. Qe4 Qxe4 19. Bxe4 f5 20. Bd3 Bc6 21. Ne5 Bd5 22. Nc4 Rfd8 23. Ne3 Be7 24. Nxd5 Rxd5 25. Be2 Rad8 26. Bf3 Rxd4 27. Rxd4 Rxd4 28. Rd1 Ra4 29. Rd7 Rxa2 30. g3 Bc5 31. Rxb7 Kg6 32. Bc6 Bb6 33. Be8 Rxb2 34. Rxf7 Bxf2+ 35. Kf1 Rb8 36. Rf8+ Kg7 37. Rf7+ Kg8 38. Kxf2 Rxe8 39. Rxa7 e5 40. Ke3 Rf8 41. Ra5 e4 42. g4 fxg4 43. Kxe4 Kg7 44. Rf5 Ra8 45. Kf4 Kg6 46. Rb5 Ra4+ 47. Kg3 h5 48. Rb6+ Kg7 49. Rb5 Ra3+ 50. Kg2 Rh3 51. Rb6 Rf3 52. Ra6 Rb3 53. Rc6 h4 54. Rc4 h3+ 55. Kf2 Rb2+ 56. Kg3 Rg2+ 57. Kh4 Rxh2 58. Rxg4+ Kh6 59. Rg3 1/2-1/2

[Event "Verbandsliga Nordbaden 1718"]
[Site "Baden"]
[Date "2018.03.11"]
[Round "7.8"]
[White "Malheur, Fabian"]
[Black "Schmohel, Andreas"]
[Result "1-0"]
[WhiteElo "2012"]
[BlackElo "1787"]
[PlyCount "93"]
[EventDate "2017.10.08"]
[EventType "team-tourn"]
[EventRounds "9"]
[EventCountry "GER"]
[SourceTitle "EXT 2019"]
[Source "ChessBase"]
[SourceDate "2018.10.10"]
[SourceVersion "1"]
[SourceVersionDate "2018.10.10"]
[SourceQuality "1"]
[WhiteTeam "Birkenfeld"]
[BlackTeam "Viernheim II"]
[WhiteTeamCountry "GER"]
[BlackTeamCountry "GER"]

1. e4 e5 2. f4 exf4 3. Nf3 d6 4. Bc4 h6 5. 0-0 g5 6. d4 Bg7 7. Nc3 Nc6 8. h3 h5 9. Ne2 h4 10. c3 Nh6 11. b4 0-0 12. a4 Kh8 13. b5 Na5 14. Bd3 f5 15. e5 d5 16. Ba3 Rg8 17. Kh1 Be6 18. Bc1 Bf8 19. Qc2 Qd7 20. Bd2 Be7 21. Nh2 Nc4 22. Bxc4 dxc4 23. Rad1 Bd5 24. Rf2 Be4 25. Qa2 g4 26. hxg4 fxg4 27. Rxf4 Qd5 28. Rxe4 Qxe4 29. Bxh6 h3 30. Ng3 Qd5 31. Nf5 Qe6 32. Nxe7 Qxe7 33. g3 Qe6 34. Bf4 Qd5+ 35. Kg1 Raf8 36. Rf1 Rf7 37. Qe2 Rg6 38. Rf2 Rfg7 39. Qc2 Rg8 40. Qf5 c6 41. Qh5+ Kg7 42. Bg5 Qe4 43. Bf6+ Kf8 44. Qh7 Qe1+ 45. Nf1 h2+ 46. Kh1 Qe4+ 47. Kxh2 1-0